000 00463nam a2200181Ia 4500
001 5017
005 20260306145837.0
008 260306t2013||||xx |||||||||||||| ||spa||
041 _aESP
082 _a332.6327
_bT71
100 _aTong, Jesús
_eAUT
245 0 _aFondos mutuos en el Perú:
_bdesarrollo e impacto en el mercado de valores
260 _c2013
300 _a359 páginas :
_c24 cm.
650 _aGEN
654 _aCAN
942 _cLIB
_dJUS
_fJUS
_2ddc
_n
999 _c5017
_d5017